Science Quiz

Random Science or Math Quiz

Multiple Choice Science Slideshow Quiz Stats

 Plays Quiz Updated Jun 5, 2018

Score 0/20 Timer 05:00
22 Plays Today
% Correct
Of Course! Albert Einstein is 2
99%
You're clearly a highly evolved organism! Charles Darwin is 2
83.3%
Nice work! The Retort is 2
76.1%
Scaptacular! The scapula is 1
59.5%
You wouldn't fall for that! 4 is obviously the only quadratic function
57.6%
You must have an intellect of galactic proportions! Orion is 2
57.5%
Well reasoned! Venus is indeed 4
55.9%
Keep being awesome quiz taker! The Peacock is 1
55.4%
Flawless victory! The Orchid is 3
55%
Eureka! Glucose is 3
49.9%
% Correct
Are you some kind of genius!? Linus Pauling is 4
49.8%
You're no fool! Pyrite, also known as Fool's Gold, is 2
48.1%
You can see it in his eyes that 2 is a Tarsier!
45.7%
You're not wrong, Walter! 1 is the Crab Nebula
44.4%
Your capacity for knowledge knows no bounds! The Capacitor is 2
42.9%
I bet you don't even have to look up how to spell Phenylalanine! 4 is correct
42.6%
I C++ what you did there! C++ is 1
36.3%
Clever girl.....or boy! The Apatosaurus is 2
34%
With knowledge like that, you'll easily β this quiz! 3 is a β- decay
34%
Elementary my dear quiz taker! Thallium is 2
21.4%

You're not logged in!

Compare scores with friends on all Sporcle quizzes.
OR
Log In

You Might Also Like...

Show Comments

Extras

Top Quizzes Today


Score Distribution

Your Account Isn't Verified!

In order to create a playlist on Sporcle, you need to verify the email address you used during registration. Go to your Sporcle Settings to finish the process.

Report this User

Report this user for behavior that violates our Community Guidelines.

Details: